• 首页
  • 本馆介绍
  • 公告通知
  • 最新文献
  • 馆藏检索
  • 电子资源
  • 读者导购
  • 参考咨询
  • 我的图书馆
  • 登录
  • 详细信息显示
  • 放入我的书架
  • 预约/预借图书
  • 作者相关作品
  • 分类相关作品
  • 丛书相关作品
  • 出版社相关作品

书目信息

  • 表格格式
  • 工作单格式
  • 卡片格式
题名:
音箱设计
    
 
作者: 陈俊林 , 丁永生 编著
分册:  
出版信息: 北京   人民邮电出版社  1980
页数: 198页
开本: 19cm
丛书名:
单 册:
中图分类: TN643 , TN643.1
科图分类:
主题词: 扬声器系统--设计 , 电声器件
电子资源:
ISBN:
000 00727nam0 2200277 45
001 0180006102
005 20040518092352.2
010    @dCNY0.52
091    @a15045.总2351-无691
100    @a19950213d1980 em y0chiy0121 ea
101 0  @achi
102    @aCN@b110000
105    @ay z 000yy
106    @ar
200 10 @a音箱设计@Ayin xiang she ji@f陈俊林,丁永生编著
210    @a北京@c人民邮电出版社@d1980
215    @a198页@d19cm
606    @a扬声器系统@x设计
606 0  @a电声器件
690    @aTN643@v3 
690    @aTN643.1
701  0 @a陈俊林@Achen jun lin@4编著
701  0 @a丁永生@Ading yong sheng@4编著
801  0 @aCN@b上海图书馆@c20040518
801  2 @aCN@bNLC@c20040518
905    @f1@b63248@dTN643@e11
    
    音箱设计/陈俊林,丁永生编著.-北京:人民邮电出版社,1980
    198页;19cm
    
    
    ISBN :CNY0.52
    
●
相关链接 在E读中查询图书 在五车中查询图书 在当当中查询图书 在豆瓣中查询图书


正题名:音箱设计     索取号:TN643/11         预约/预借

序号 登录号 条形码 馆藏地/架位号 状态 备注
1 0063248   001354965   第三借阅区/ [索取号:TN643/11] 在馆    
2 0063249   001354929   第二样本阅览室/ [索取号:TN643/11] 在馆    
唐山师范学院图书馆 欢迎您!
大连网信软件有限公司© 版权所有